<?xml version="1.0" encoding="UTF-8"?>
<collection xmlns="http://www.loc.gov/MARC21/slim">
    <record>
        <controlfield tag="001">78210</controlfield>
        <controlfield tag="005">20201105113545.0</controlfield>
        <datafield tag="024" ind1="7" ind2=" ">
            <subfield code="2">doi</subfield>
            <subfield code="a">10.18800/contabilidad.201802.005</subfield>
        </datafield>
        <datafield tag="024" ind1="8" ind2=" ">
            <subfield code="2">sideral</subfield>
            <subfield code="a">110735</subfield>
        </datafield>
        <datafield tag="037" ind1=" " ind2=" ">
            <subfield code="a">ART-2018-110735</subfield>
        </datafield>
        <datafield tag="041" ind1=" " ind2=" ">
            <subfield code="a">eng</subfield>
        </datafield>
        <datafield tag="100" ind1=" " ind2=" ">
            <subfield code="0">(orcid)0000-0002-3816-9747</subfield>
            <subfield code="a">Ferruz Agudo, L.</subfield>
            <subfield code="u">Universidad de Zaragoza</subfield>
        </datafield>
        <datafield tag="245" ind1=" " ind2=" ">
            <subfield code="a">Analysis of the impact of financial crises on Ouro Scheffer's jewelry sales</subfield>
        </datafield>
        <datafield tag="260" ind1=" " ind2=" ">
            <subfield code="c">2018</subfield>
        </datafield>
        <datafield tag="506" ind1="0" ind2=" ">
            <subfield code="a">Access copy available to the general public</subfield>
            <subfield code="f">Unrestricted</subfield>
        </datafield>
        <datafield tag="520" ind1="3" ind2=" ">
            <subfield code="a">This article studies financial crises and their impact on the main types of financial investment. Specifically, the objective of this study is to analyze the impact that financial crises generated in purchase of jewelry at Ouro Scheffer. It was therefore necessary to first revise the concept of main types of investment in variable income and fixed income, as well as a history of gold, and to analyze the main financial crises. Applied and quantitative research was then carried out with an analysis of three temporal series: gold, Ibovespa and Ouro Scheffer''s jewelry sales revenue. The results found that the main financial crises of 1999 and 2008 had an impact on the jewelry sales temporal series. It was also possible to determine that these crises generated an impact on the gold and Ibovespa temporal series.</subfield>
        </datafield>
        <datafield tag="540" ind1=" " ind2=" ">
            <subfield code="9">info:eu-repo/semantics/openAccess</subfield>
            <subfield code="a">by</subfield>
            <subfield code="u">http://creativecommons.org/licenses/by/3.0/es/</subfield>
        </datafield>
        <datafield tag="655" ind1=" " ind2="4">
            <subfield code="a">info:eu-repo/semantics/article</subfield>
            <subfield code="v">info:eu-repo/semantics/publishedVersion</subfield>
        </datafield>
        <datafield tag="700" ind1=" " ind2=" ">
            <subfield code="a">Baggio, D.K.</subfield>
        </datafield>
        <datafield tag="700" ind1=" " ind2=" ">
            <subfield code="a">Scheffer, G.</subfield>
        </datafield>
        <datafield tag="700" ind1=" " ind2=" ">
            <subfield code="a">Camargo, B.F.</subfield>
        </datafield>
        <datafield tag="710" ind1="2" ind2=" ">
            <subfield code="1">4002</subfield>
            <subfield code="2">230</subfield>
            <subfield code="a">Universidad de Zaragoza</subfield>
            <subfield code="b">Dpto. Contabilidad y Finanzas</subfield>
            <subfield code="c">Área Economía Finan. y Contab.</subfield>
        </datafield>
        <datafield tag="773" ind1=" " ind2=" ">
            <subfield code="g">13, 26 (2018), 74-88</subfield>
            <subfield code="p">Contab. neg.</subfield>
            <subfield code="t">Contabilidad y Negocios</subfield>
            <subfield code="x">1992-1896</subfield>
        </datafield>
        <datafield tag="856" ind1="4" ind2=" ">
            <subfield code="s">288557</subfield>
            <subfield code="u">http://zaguan.unizar.es/record/78210/files/texto_completo.pdf</subfield>
            <subfield code="y">Versión publicada</subfield>
        </datafield>
        <datafield tag="856" ind1="4" ind2=" ">
            <subfield code="s">6707</subfield>
            <subfield code="u">http://zaguan.unizar.es/record/78210/files/texto_completo.jpg?subformat=icon</subfield>
            <subfield code="x">icon</subfield>
            <subfield code="y">Versión publicada</subfield>
        </datafield>
        <datafield tag="909" ind1="C" ind2="O">
            <subfield code="o">oai:zaguan.unizar.es:78210</subfield>
            <subfield code="p">articulos</subfield>
            <subfield code="p">driver</subfield>
        </datafield>
        <datafield tag="951" ind1=" " ind2=" ">
            <subfield code="a">2020-11-05-11:30:47</subfield>
        </datafield>
        <datafield tag="980" ind1=" " ind2=" ">
            <subfield code="a">ARTICLE</subfield>
        </datafield>
    </record>

    
</collection>